LIBRARY & INFORMATION CENTRE, KCAET, TAVANUR

ONLINE PUBLIC ACCESS CATALOGUE (OPAC)

Foods: Facts and Principles (Record no. 14136)

MARC details
000 -LEADER
fixed length control field 00336nam a22001337a 4500
020 ## - INTERNATIONAL STANDARD BOOK NUMBER
ISBN 9788122422153
082 ## - DEWEY DECIMAL CLASSIFICATION NUMBER
Classification number 664
Item number MAN/FO
100 ## - MAIN ENTRY--AUTHOR NAME
Personal name Manay, Shakuntala N
-- Shadaksharaswamy, M
245 ## - TITLE STATEMENT
Title Foods: Facts and Principles
250 ## - EDITION STATEMENT
Edition statement 3
260 ## - PUBLICATION, DISTRIBUTION, ETC. (IMPRINT)
Place of publication New Delhi
Name of publisher New Age International
Year of publication 2012
300 ## - PHYSICAL DESCRIPTION
Number of Pages 490
942 ## - ADDED ENTRY ELEMENTS (KOHA)
Koha item type Books

No items available.

free website counter